Т. 81, № 5; Ядерная физика

Λεπτομέρειες βιβλιογραφικής εγγραφής
Parent link:Ядерная физика/ Российская академия наук. Т. 81, № 5.— , 1965-
Γλώσσα:Ρωσικά
Έκδοση: 2018
Διαθέσιμο Online:http://sciencejournals.ru/contents/yadfiz/2018/yadfiz5_18v81cont.pdf
https://elibrary.ru/contents.asp?id=35445213
Μορφή: Ηλεκτρονική πηγή Βιβλίο
KOHA link:https://koha.lib.tpu.ru/cgi-bin/koha/opac-detail.pl?biblionumber=581365

MARC

LEADER 00000nam2a2200000 4500
001 581365
005 20231101130647.0
035 |a (RuTPU)RU\TPU\prd\281423 
035 |a RU\TPU\prd\280767 
090 |a 581365 
100 |a 20181121a19659999k y0rusy50 ca 
101 0 |a rus 
102 |a RU 
181 0 |a i  
182 0 |a b 
200 0 |a Т. 81, № 5  |b Электронный ресурс 
203 |a Текст  |c электронный 
210 |d 2018 
461 1 |0 (RuTPU)RU\TPU\prd\397  |t Ядерная физика  |f Российская академия наук  |v Т. 81, № 5  |d 1965- 
801 0 |a RU  |b 63413507  |c 20010227  |g PSBO 
801 1 |a RU  |b 63413507  |c 20170713 
801 2 |a RU  |b 63413507  |c 20230130  |g RCR 
856 4 0 |u http://sciencejournals.ru/contents/yadfiz/2018/yadfiz5_18v81cont.pdf 
856 4 0 |u https://elibrary.ru/contents.asp?id=35445213 
942 |c BK